ロード中...
Understanding Islam through Hadis Religious faith or fanaticism?
| 第一著者: | |
|---|---|
| フォーマット: | Printed Book |
| 出版事項: |
Voice of India New Delhi
1983
|
| 主題: |
| LEADER | 00492nam a2200157 4500 | ||
|---|---|---|---|
| 082 | |a 297.124 SWA-U | ||
| 100 | |a Swarup,Ram | ||
| 245 | |a Understanding Islam through Hadis Religious faith or fanaticism? |c Swarup,Ram | ||
| 250 | |||
| 260 | |a Voice of India New Delhi |c 1983 | ||
| 300 | |||
| 490 | |||
| 650 | |a Islam --Hadith (traditions | ||
| 942 | |c BK | ||
| 999 | |c 186960 |d 186960 | ||
| 952 | |0 0 |1 0 |4 0 |6 297_124000000000000_SWAU |7 0 |9 200309 |a ISL |b ISL |l 0 |o 297.124 SWA-U |p ISL00997 |r 2019-10-28 |w 2019-10-28 |y BK | ||